Marketingový výskum v Pythone diplomová práca

Saved in:
Bibliographic Details
Main Author: Bernát, Roland
Corporate Author: Fakulta hospodárskej informatiky EU. Katedra operačného výskumu a ekonometrie
Other Authors: Lukáčik, Martin, 1974-
Format: Book
Language:Slovak
Published: Bratislava 2024
Tags: Add Tag
No Tags, Be the first to tag this record!

MARC

LEADER 00000nbm a2200000 4500
001 0301177
005 20250130083419.2
041 0 |a slo 
044 |a SK 
245 1 0 |a Marketingový výskum v Pythone  |b diplomová práca  |c Roland Bernát ; školiteľ: Martin Lukáčik 
264 1 |a Bratislava  |c 2024 
300 |a 75 s. 
100 1 |a Bernát, Roland 
700 1 |a Lukáčik, Martin, 1974- 
710 2 |a Fakulta hospodárskej informatiky EU. Katedra operačného výskumu a ekonometrie